Normal view
MARC view
Entry Topical Term
001 - CONTROL NUMBER
- control field: 59370
003 - CONTROL NUMBER IDENTIFIER
- control field:
005 - DATE AND TIME OF LATEST TRANSACTION
- control field: 20240926161031.0
008 - FIXED-LENGTH DATA ELEMENTS
- fixed length control field: 240926|| aca||aabn | a|a d
040 ## - CATALOGING SOURCE
- Original cataloging agency:
- Transcribing agency:
150 ## - HEADING--TOPICAL TERM
- Topical term or geographic name entry element: Soviet Union
- Form subdivision: History
670 ## - SOURCE DATA FOUND
- Source citation: Work cat.: ()23437: GREY Ian 1918 aut 39554, The first fifty years :, 1967
